Highest Selling Games By Year - Statistics

General Stats
  • This quiz has been taken 20 times
  • The average score is 2 of 26
Answer Stats
Year Game % Correct
2013 Grand Theft Auto V
92%
2004 Grand Theft Auto: San Andreas
33%
2018 Red Dead Redemption 2
25%
2002 Grand Theft Auto: Vice City
17%
2010 Call of Duty: Black Ops
8%
2012 Call of Duty: Black Ops II
8%
2019 Call of Duty: Modern Warfare
8%
2009 Call of Duty: Modern Warfare 2
8%
2007 Halo 3
8%
2000 Pokemon Gold and Silver
8%
2001 Pokemon Gold/Silver/Crystal
8%
2020 Animal Crossing: New Horizons
0%
2025 Battlefield 6
0%
2014 Call of Duty: Advanced Warfare
0%
2024 Call of Duty: Black Ops 6
0%
2015 Call of Duty: Black Ops III
0%
2016 Call of Duty: Infinite Warfare
0%
2011 Call of Duty: Modern Warfare 3
0%
2022 Call of Duty: Modern Warfare II
0%
2021 Call of Duty: Vanguard
0%
2017 Call of Duty: WWII
0%
2023 Hogwarts Legacy
0%
2003 Madden NFL 04
0%
2005 Madden NFL 06
0%
2006 Madden NFL 07
0%
2008 Wii Play
0%
No matching quizzes found
Score Distribution
Percent of People with Each Score
Percentile by Number Answered
Your Score History
You have not taken this quiz